| 000 | 00456nam a22001817a 4500 | ||
|---|---|---|---|
| 003 | OSt | ||
| 008 | 230309b |||||||| |||| 00| 0 eng d | ||
| 020 | _a9781484276778 | ||
| 082 | _a005.824 NIP | ||
| 100 | _aNIELSON,Seth James | ||
| 245 | _aPractical Cryptography in Python | ||
| 250 | _a1st | ||
| 260 |
_aNew Delhi _bApress _c2022 |
||
| 300 | _a371 | ||
| 650 | _aPractical Cryptography in Python | ||
| 700 | _aMONSON,Christopher K | ||
| 942 |
_2ddc _cBK |
||
| 999 |
_c11863 _d11863 |
||